[Event "Olympiad Women-37"]
[Site "Turin"]
[Date "2006.05.24"]
[Round "4"]
[White "Dymshits, Galina"]
[Black "Hallaeva, Bahar"]
[Result "0-1"]
[WhiteElo "2048"]
[BlackElo "2135"]
[PlyCount "82"]
[EventDate "2006.05.21"]
[EventType "team-swiss"]
[EventRounds "13"]
[EventCountry "ITA"]
[SourceTitle "CBM 112 Extra"]
[Source "ChessBase"]
[SourceDate "2006.07.14"]
[SourceVersion "1"]
[SourceVersionDate "2006.07.14"]
[SourceQuality "1"]
[WhiteTeam "IPCA (W)"]
[BlackTeam "Turkmenistan (W)"]
[BlackTeamCountry "TKM"]

1. e4 e5 2. Nf3 Nc6 3. Bb5 a6 4. Bxc6 dxc6 5. 0-0 Bd6 6. d4 exd4 7. Qxd4 f6 8. Re1 Ne7 9. e5 fxe5 10. Nxe5 0-0 11. Bg5 Be6 12. Nc3 Rf5 13. Bxe7 Qxe7 14. Nf3 Qf7 15. Ne4 Bd5 16. b3 b5 17. c4 c5 18. Qd3 bxc4 19. bxc4 Bxc4 20. Nxd6 cxd6 21. Qxd6 Rd5 22. Qc6 Rf8 23. Re3 Rf5 24. Rc1 Bb5 25. Qe6 Qxe6 26. Rxe6 Re8 27. Rxe8+ Bxe8 28. Nd2 Re5 29. f4 Re2 30. Rc2 Bb5 31. Rb2 Kf7 32. a4 Bxa4 33. Rb7+ Re7 34. Rb6 Bb5 35. Nf3 Re8 36. Ne5+ Kg8 37. Rb7 Rc8 38. Kf2 c4 39. Ke1 c3 40. Kd1 Ba4+ 41. Kc1 Rd8 0-1

[Event "Olympiad Women-37"]
[Site "Turin"]
[Date "2006.05.23"]
[Round "3"]
[White "Dymshits, Galina"]
[Black "Ellappen, Jenine"]
[Result "1-0"]
[WhiteElo "2048"]
[BlackElo "1934"]
[PlyCount "111"]
[EventDate "2006.05.21"]
[EventType "team-swiss"]
[EventRounds "13"]
[EventCountry "ITA"]
[SourceTitle "CBM 112 Extra"]
[Source "ChessBase"]
[SourceDate "2006.07.14"]
[SourceVersion "1"]
[SourceVersionDate "2006.07.14"]
[SourceQuality "1"]
[WhiteTeam "IPCA (W)"]
[BlackTeam "South Africa (W)"]
[BlackTeamCountry "RSA"]

1. e4 c5 2. c3 Nf6 3. e5 Nd5 4. d4 cxd4 5. cxd4 d6 6. Nf3 g6 7. Bc4 Nb6 8. Bb3 Bg7 9. 0-0 Nc6 10. Bf4 d5 11. Nc3 0-0 12. Qd2 Re8 13. Rfe1 Na5 14. Bd1 Nac4 15. Qe2 Bf5 16. b3 Na5 17. Nh4 Bd7 18. Qd2 Rc8 19. Rc1 Nc6 20. Nf3 a6 21. Bh6 Bh8 22. Qf4 Bg7 23. Bxg7 Kxg7 24. Bc2 e6 25. h4 f6 26. Bb1 Rf8 27. Qg3 Qe8 28. Ne2 Qf7 29. h5 Ne7 30. hxg6 hxg6 31. Nh4 fxe5 32. dxe5 Bb5 33. Nd4 Bd7 34. Ndf3 a5 35. Qg5 a4 36. Bd3 axb3 37. axb3 Na8 38. Qg3 Nc7 39. Rc2 Na6 40. Rec1 Nb4 41. Rxc8 Rxc8 42. Rxc8 Bxc8 43. Bb1 Bd7 44. Nd4 Na6 45. Ne2 Nc5 46. Bc2 Be8 47. Nf4 Ne4 48. Bxe4 dxe4 49. Nh5+ Kf8 50. Nf6 Bc6 51. Qf4 Nd5 52. Qh6+ Ke7 53. Nxg6+ Kd8 54. Qg5 Nxf6 55. exf6 Kc8 56. Ne5 1-0

[Event "RUS-ch Seniors (Women)"]
[Site "Zvenigorod"]
[Date "2005.12.03"]
[Round "5"]
[White "Dymshits, Galina"]
[Black "Chernova, Natalja"]
[Result "1/2-1/2"]
[WhiteElo "2041"]
[BlackElo "2050"]
[PlyCount "21"]
[EventDate "2005.11.28"]
[EventType "swiss"]
[EventRounds "7"]
[EventCountry "RUS"]
[SourceTitle "EXT 2007"]
[Source "ChessBase"]
[SourceDate "2006.11.23"]
[SourceVersion "1"]
[SourceVersionDate "2006.11.23"]
[SourceQuality "1"]

1. e4 d5 2. exd5 Qxd5 3. Nc3 Qa5 4. d4 Nf6 5. Nf3 Bg4 6. h3 Bh5 7. g4 Bg6 8. Ne5 c6 9. Bd2 Qb6 10. Bc1 Nbd7 11. Nc4 1/2-1/2

[Event "RUS-ch Seniors (Women)"]
[Site "Tula"]
[Date "2004.05.??"]
[Round "4"]
[White "Dymshits, Galina"]
[Black "Lein, Marina"]
[Result "1-0"]
[WhiteElo "2082"]
[BlackElo "2011"]
[PlyCount "69"]
[EventDate "2004.05.??"]
[EventType "swiss"]
[EventRounds "8"]
[EventCountry "RUS"]
[SourceTitle "EXT 2005"]
[Source "ChessBase"]
[SourceDate "2004.11.15"]
[SourceVersion "1"]
[SourceVersionDate "2004.11.15"]
[SourceQuality "1"]

1. e4 c5 2. Nf3 Nc6 3. Bb5 Nd4 4. Nxd4 cxd4 5. 0-0 e5 6. c3 Qb6 7. Qe2 Nf6 8. cxd4 Qxd4 9. Nc3 a6 10. Ba4 Bb4 11. Bc2 0-0 12. a3 Be7 13. d3 Qa7 14. Be3 Bc5 15. Bg5 Be7 16. Kh1 b5 17. f4 d6 18. f5 Bb7 19. Bb3 Rac8 20. h4 h6 21. Bd2 Rfd8 22. Qf3 d5 23. exd5 Rxc3 24. bxc3 Nxd5 25. Qg3 Nf4 26. Bxf4 exf4 27. Rxf4 Bd6 28. f6 g5 29. hxg5 Bxf4 30. Qxf4 Rxd3 31. Kh2 Bxg2 32. gxh6 Be4 33. Rg1+ Kf8 34. Rg7 Bg6 35. h7 1-0

[Event "RUS-ch Seniors (Women)"]
[Site "Tula"]
[Date "2004.05.??"]
[Round "8"]
[White "Dymshits, Galina"]
[Black "Shushpanova, Nina Aleksandro"]
[Result "1/2-1/2"]
[WhiteElo "2082"]
[BlackElo "2075"]
[PlyCount "42"]
[EventDate "2004.05.??"]
[EventType "swiss"]
[EventRounds "8"]
[EventCountry "RUS"]
[SourceTitle "EXT 2005"]
[Source "ChessBase"]
[SourceDate "2004.11.15"]
[SourceVersion "1"]
[SourceVersionDate "2004.11.15"]
[SourceQuality "1"]

1. c4 g6 2. d4 Bg7 3. Nc3 c5 4. Nf3 cxd4 5. Nxd4 Nc6 6. e3 Nf6 7. Be2 0-0 8. 0-0 d6 9. b3 Bd7 10. Bb2 Rc8 11. Bf3 Qa5 12. Rc1 a6 13. Qe2 Rc7 14. Rfd1 Ne5 15. a3 Nxf3+ 16. Nxf3 Rfc8 17. h3 Qb6 18. Nd2 Qc6 19. Nf3 b5 20. Nd4 Qb7 21. cxb5 axb5 1/2-1/2

[Event "RUS-ch Seniors (Women)"]
[Site "Tula"]
[Date "2004.05.??"]
[Round "5"]
[White "Strelnikova, Elena"]
[Black "Dymshits, Galina"]
[Result "0-1"]
[WhiteElo "2148"]
[BlackElo "2082"]
[PlyCount "76"]
[EventDate "2004.05.??"]
[EventType "swiss"]
[EventRounds "8"]
[EventCountry "RUS"]
[SourceTitle "EXT 2005"]
[Source "ChessBase"]
[SourceDate "2004.11.15"]
[SourceVersion "1"]
[SourceVersionDate "2004.11.15"]
[SourceQuality "1"]

1. e4 c5 2. c3 d5 3. e5 Nc6 4. d4 cxd4 5. cxd4 Bf5 6. Nc3 e6 7. a3 Qb6 8. Bb5 Nge7 9. Be3 a6 10. Bxc6+ Nxc6 11. Na4 Qa5+ 12. b4 Qc7 13. Ne2 Be7 14. 0-0 0-0 15. Qb3 b6 16. Ng3 Bg6 17. Rac1 Qb7 18. f4 f5 19. Rc2 Na7 20. Rfc1 Rfc8 21. Ne2 Rxc2 22. Rxc2 Rc8 23. h3 Be8 24. Rxc8 Nxc8 25. Nec3 Na7 26. Nb2 Qc6 27. a4 h6 28. g4 g6 29. Kf2 Bd7 30. Kg3 Kh7 31. h4 Be8 32. h5 fxg4 33. hxg6+ Bxg6 34. Kxg4 Bf5+ 35. Kf3 Qe8 36. Ke2 Qh5+ 37. Kd2 Qh2+ 38. Kc1 Qh1+ 0-1

[Event "St Petersburg White Nights op1"]
[Site "St Petersburg"]
[Date "2002.??.??"]
[Round "1"]
[White "Basyrov, Eduard"]
[Black "Dymshits, Galina"]
[Result "0-1"]
[WhiteElo "2010"]
[BlackElo "2113"]
[PlyCount "112"]
[EventDate "2002.??.??"]
[EventType "swiss"]
[EventRounds "9"]
[EventCountry "RUS"]
[SourceTitle "EXT 2003"]
[Source "ChessBase"]
[SourceDate "2002.11.25"]
[SourceVersion "1"]
[SourceVersionDate "2002.11.25"]
[SourceQuality "1"]

1. e4 c5 2. Nf3 d6 3. d4 cxd4 4. Nxd4 Nf6 5. Nc3 a6 6. Be2 e5 7. Nb3 Be7 8. 0-0 Be6 9. Bg5 Nbd7 10. Qd3 Nc5 11. Nxc5 dxc5 12. Qg3 Qc7 13. Rad1 0-0 14. Bh6 Ne8 15. Nd5 Bxd5 16. Rxd5 Kh8 17. Rfd1 Rd8 18. Rxd8 Bxd8 19. Qd3 Nf6 20. Bg5 Be7 21. Bd2 Rd8 22. Qc4 Kg8 23. Bc3 Rxd1+ 24. Bxd1 Qd6 25. Bf3 b5 26. Qe2 g6 27. g3 h5 28. Qd2 Qxd2 29. Bxd2 Nd7 30. b3 Nb8 31. Kf1 Nc6 32. c3 Kf8 33. Ke2 Ke8 34. Bg2 Kd7 35. f4 Kd6 36. Kd3 Bf6 37. Bh3 a5 38. Be3 Ne7 39. Bd2 Kc7 40. a4 b4 41. Kc4 Kc6 42. Be3 bxc3 43. Bxc5 c2 44. Ba3 g5 45. f5 g4 46. Bf1 Bg5 47. Kc3 c1Q+ 48. Bxc1 Bxc1 49. Bc4 f6 50. Bf7 Be3 51. Kd3 Bg1 52. Ke2 Bxh2 53. Kf2 h4 54. gxh4 Bf4 55. Bh5 g3+ 56. Kg2 Kc5 0-1

[Event "St Petersburg White Nights op1"]
[Site "St Petersburg"]
[Date "2002.??.??"]
[Round "7"]
[White "Murashova, Ekaterina"]
[Black "Dymshits, Galina"]
[Result "1-0"]
[WhiteElo "2050"]
[BlackElo "2113"]
[PlyCount "65"]
[EventDate "2002.??.??"]
[EventType "swiss"]
[EventRounds "9"]
[EventCountry "RUS"]
[SourceTitle "EXT 2003"]
[Source "ChessBase"]
[SourceDate "2002.11.25"]
[SourceVersion "1"]
[SourceVersionDate "2002.11.25"]
[SourceQuality "1"]

1. d4 Nf6 2. Nc3 e6 3. e4 d5 4. Bg5 dxe4 5. Nxe4 Be7 6. Bxf6 Bxf6 7. Nf3 Nc6 8. c3 0-0 9. Bd3 h6 10. 0-0 b6 11. Nxf6+ Qxf6 12. Be4 Bb7 13. Ne5 Na5 14. Bxb7 Nxb7 15. Nd7 Qg6 16. Nxf8 Rxf8 17. a4 a5 18. b4 Qf5 19. Qe2 Nd6 20. Qe5 Qxe5 21. dxe5 Nc4 22. Rfe1 Rd8 23. Rad1 Rxd1 24. Rxd1 Nxe5 25. bxa5 bxa5 26. Rd8+ Kh7 27. Rc8 c6 28. Ra8 c5 29. Rxa5 Nd3 30. Rb5 c4 31. a5 Nf4 32. Kf1 Nd5 33. Rxd5 1-0

[Event "St Petersburg White Nights op1"]
[Site "St Petersburg"]
[Date "2002.??.??"]
[Round "5"]
[White "Smirnov, Vladimir"]
[Black "Dymshits, Galina"]
[Result "1-0"]
[WhiteElo "2231"]
[BlackElo "2113"]
[PlyCount "113"]
[EventDate "2002.??.??"]
[EventType "swiss"]
[EventRounds "9"]
[EventCountry "RUS"]
[SourceTitle "EXT 2003"]
[Source "ChessBase"]
[SourceDate "2002.11.25"]
[SourceVersion "1"]
[SourceVersionDate "2002.11.25"]
[SourceQuality "1"]

1. d4 d5 2. c4 e6 3. Nc3 Nf6 4. Nf3 Nbd7 5. Bf4 c6 6. e3 Bb4 7. Nd2 0-0 8. a3 Bxc3 9. bxc3 dxc4 10. Bxc4 Nd5 11. Bxd5 exd5 12. 0-0 Nf6 13. c4 dxc4 14. Nxc4 Nd5 15. Bg3 Re8 16. Nd6 Re6 17. e4 Nf6 18. e5 Nd5 19. Qd3 g6 20. Rfe1 f5 21. Qd2 Qe7 22. Bf4 b6 23. Bg5 Qf8 24. Bh6 Qe7 25. Qd3 Qh4 26. Bd2 a5 27. g3 Qg4 28. f3 Qh3 29. Rab1 Bd7 30. Nc4 b5 31. Ne3 f4 32. Nf1 g5 33. Qe2 Rh6 34. Qg2 Qf5 35. gxf4 Nxf4 36. Bxf4 Qxf4 37. Re4 Qf5 38. Ne3 Qg6 39. Re1 Be6 40. Ng4 Bxg4 41. Rxg4 Rh5 42. f4 h6 43. d5 Rc8 44. d6 Qf5 45. Kh1 Re8 46. e6 Rxe6 47. Qa2 Qxg4 48. Qxe6+ Qxe6 49. Rxe6 Kf7 50. d7 Kxe6 51. d8Q Rh4 52. Qe8+ Kf5 53. Qe5+ Kg4 54. f5 Rh3 55. f6 Rxa3 56. f7 Rf3 57. Qe2 1-0

[Event "Wch Seniors (Women) 10th"]
[Site "Rowy"]
[Date "2000.09.23"]
[Round "11"]
[White "Dymshits, Galina"]
[Black "Blagonadezhnaya, Idea"]
[Result "1-0"]
[WhiteElo "2031"]
[BlackElo "2069"]
[PlyCount "57"]
[EventDate "2000.09.11"]
[EventType "swiss"]
[EventRounds "11"]
[EventCountry "POL"]
[SourceTitle "CBM 078 Extra"]
[Source "ChessBase"]
[SourceDate "2000.11.10"]
[SourceVersion "1"]
[SourceVersionDate "2000.11.10"]
[SourceQuality "1"]

1. e4 c5 2. Nf3 g6 3. c3 Bg7 4. d4 cxd4 5. cxd4 d6 6. h3 Nf6 7. Nc3 0-0 8. Be3 a6 9. a4 Nc6 10. Be2 Bd7 11. 0-0 Rc8 12. Rc1 Na5 13. e5 Ne8 14. b4 Nc4 15. Bxc4 Rxc4 16. Qb3 Rc8 17. b5 dxe5 18. dxe5 Be6 19. Qa3 f6 20. Rfd1 Qa5 21. Nd4 Bc4 22. Nd5 Bxd5 23. Rxc8 fxe5 24. Nb3 Bxb3 25. Qxb3+ Kh8 26. bxa6 bxa6 27. Bb6 Nd6 28. Rxf8+ Bxf8 29. Bxa5 1-0

[Event "Wch Seniors (Women) 10th"]
[Site "Rowy"]
[Date "2000.09.15"]
[Round "5"]
[White "Dymshits, Galina"]
[Black "Sorokina, Tamara"]
[Result "0-1"]
[WhiteElo "2031"]
[BlackElo "2209"]
[PlyCount "138"]
[EventDate "2000.09.11"]
[EventType "swiss"]
[EventRounds "11"]
[EventCountry "POL"]
[SourceTitle "CBM 078 Extra"]
[Source "ChessBase"]
[SourceDate "2000.11.10"]
[SourceVersion "1"]
[SourceVersionDate "2000.11.10"]
[SourceQuality "1"]

1. e4 c5 2. Nf3 e6 3. d4 cxd4 4. Nxd4 Nf6 5. Bd3 d6 6. 0-0 a6 7. c4 Be7 8. Nc3 Bd7 9. Qe2 Nc6 10. Nxc6 Bxc6 11. b3 0-0 12. Bb2 Nd7 13. Rad1 Bf6 14. Rfe1 Be5 15. g3 Qf6 16. Rc1 g6 17. Bb1 b5 18. Nd1 bxc4 19. bxc4 Nc5 20. Bxe5 Qxe5 21. Qe3 Qh5 22. Nc3 Rac8 23. Bc2 e5 24. Bd1 Qh3 25. Nd5 Bxd5 26. cxd5 Qd7 27. Bc2 Rb8 28. Rb1 Qc7 29. Qc3 Rfc8 30. Rxb8 Rxb8 31. Rb1 Rxb1+ 32. Bxb1 Qb6 33. Bc2 a5 34. a4 Kg7 35. Kf1 h5 36. f4 f6 37. fxe5 fxe5 38. Ke2 Qc7 39. Kd2 Qd8 40. Qe3 Qf6 41. Ke2 Qd8 42. Kd2 Qd7 43. Qg5 Qc7 44. Qe3 Qf7 45. Ke2 Qd7 46. Qg5 Qc7 47. Qe3 Nxa4 48. Bxa4 Qc4+ 49. Kf3 Qxa4 50. Qa7+ Kh6 51. Qe7 Qd1+ 52. Kf2 Qd4+ 53. Kf3 Qd3+ 54. Kf2 Qxe4 55. Qxd6 Qd4+ 56. Ke2 Qg4+ 57. Ke3 Qg5+ 58. Ke4 Qf5+ 59. Ke3 e4 60. Qf4+ Qxf4+ 61. gxf4 Kg7 62. Kxe4 Kf7 63. Kd4 Ke7 64. Kc5 Kd7 65. Kb5 Kd6 66. Kxa5 Kxd5 67. Kb4 Ke4 68. Kc3 Kxf4 69. Kd2 Kf3 0-1

[Event "St Petersburg op (Women)"]
[Site "St Petersburg"]
[Date "2000.04.14"]
[Round "8"]
[White "Dymshits, Galina"]
[Black "Belaja, Nastja"]
[Result "1-0"]
[WhiteElo "2029"]
[BlackElo "2137"]
[PlyCount "89"]
[EventDate "2000.04.07"]
[EventType "swiss"]
[EventRounds "9"]
[EventCountry "RUS"]
[SourceTitle "CBM 075 Extra"]
[Source "ChessBase"]
[SourceDate "2000.05.11"]
[SourceVersion "2"]
[SourceVersionDate "2000.05.11"]
[SourceQuality "1"]

1. e4 d6 2. d4 Nf6 3. Nc3 g6 4. f3 c6 5. Be3 Nbd7 6. Qd2 Qa5 7. Nh3 b5 8. Nf2 Bb7 9. Be2 h5 10. 0-0 Bg7 11. a3 0-0 12. b4 Qc7 13. Rad1 a6 14. f4 e5 15. fxe5 dxe5 16. d5 cxd5 17. Nxd5 Nxd5 18. exd5 Rac8 19. Rc1 f5 20. c4 f4 21. Bc5 Nxc5 22. bxc5 Qxc5 23. cxb5 Qxd5 24. Qxd5+ Bxd5 25. bxa6 e4 26. Rfd1 Bb3 27. Rxc8 Rxc8 28. Rb1 Bd4 29. Kf1 Bc2 30. Rb7 Ra8 31. Bc4+ Kh8 32. Ke2 e3 33. Nd3 g5 34. Bb5 h4 35. h3 Bxd3+ 36. Bxd3 Ra7 37. Kf3 Ra8 38. Kg4 Bc5 39. a4 Rd8 40. Be2 Rd2 41. Kf3 Rd8 42. a7 Bd6 43. Rd7 Ra8 44. Rxd6 Rxa7 45. Bb5 1-0